• 首页
  • 本馆介绍
  • 公告通知
  • 最新文献
  • 馆藏检索
  • 电子资源
  • 读者导购
  • 参考咨询
  • 我的图书馆
  • 登录
  • 详细信息显示
  • 放入我的书架
  • 预约/预借图书
  • 作者相关作品
  • 分类相关作品
  • 丛书相关作品
  • 出版社相关作品

书目信息

  • 表格格式
  • 工作单格式
  • 卡片格式
题名:
电视教材编导与制作
    
 
作者: 李运林 主编
分册:  
出版信息: 北京   高等教育出版社  1981
页数: 477页
开本: 20cm
丛书名:
单 册:
中图分类: G432
科图分类:
主题词: 广播电视教学-教材--编制 , 教材-广播电视教育--编制
电子资源:
ISBN: 7-04-003480-8
000 00886nam0 2200265 45
001 0192005122
005 20070717150141.46
010    @a7-04-003480-8@dCNY20.50
092    @b20051103
100    @a19920318d1981 em y0chiy0121 ea
101 0  @achi
102    @aCN@b110000
105    @ay z 000yy
200 10 @a电视教材编导与制作@ADIAN SHI JIAO CAI BIAN DAO YU ZHI ZUO@f李运林主编@FLI YUN LIN ZHU BIAN
210    @a北京@c高等教育出版社@d1981
215    @a477页@d20cm
300    @a高等学校教材
330    @a本书介绍了电视教材的特点、类型、编制过程以及编制电视教材的理论基础,介绍了电视教材的制作技术等。
540 1  @a电视 教材 编导 制作@ADIAN SHI JIAO CAI BIAN DAO ZHI ZUO
606    @a广播电视教学-教材@x编制
606    @a教材-广播电视教育@x编制
690    @aG432@v三版
701  0 @a李运林@ALI YUN LIN@4主编
801  0 @aCN@bTSSF@c20070717
905    @a10447@dG432@e53
    
    电视教材编导与制作/李运林主编.-北京:高等教育出版社,1981
    477页;20cm
    高等学校教材
    
    ISBN 7-04-003480-8:CNY20.50
    本书介绍了电视教材的特点、类型、编制过程以及编制电视教材的理论基础,介绍了电视教材的制作技术等。
●
相关链接 在E读中查询图书 在五车中查询图书 在当当中查询图书 在豆瓣中查询图书


正题名:电视教材编导与制作     索取号:G432/53         预约/预借

序号 登录号 条形码 馆藏地/架位号 状态 备注
1 0504159   205041596   密集书库/ [索取号:G432/53] 在馆    
2 0770320   207703207   密集书库/ [索取号:G432/53] 在馆    
3 0777994   207779947   密集书库/ [索取号:G432/53] 在馆    
4 0778316   207783166   密集书库/ [索取号:G432/53] 在馆    
唐山师范学院图书馆 欢迎您!
大连网信软件有限公司© 版权所有